El milagro japonés : (Registro nro. 8602)
[ vista simple ]
| 000 -LEADER | |
|---|---|
| fixed length control field | 01522nam a2200301Ia 4500 |
| 003 - CONTROL NUMBER IDENTIFIER | |
| control field | OSt |
| 005 - DATE AND TIME OF LATEST TRANSACTION | |
| control field | 20210917120419.0 |
| 008 - FIXED-LENGTH DATA ELEMENTS--GENERAL INFORMATION | |
| fixed length control field | 210310s1983 sp ao gr 001 0 spa d |
| 020 ## - INTERNATIONAL STANDARD BOOK NUMBER | |
| International Standard Book Number | 8432078557 |
| 040 ## - CATALOGING SOURCE | |
| Original cataloging agency | CO-JMCR |
| Transcribing agency | CO-JMCR |
| 041 1# - LANGUAGE CODE | |
| Language code of text/sound track or separate title | spa |
| Language code of original | ger |
| 082 04 - DEWEY DECIMAL CLASSIFICATION NUMBER | |
| Classification number | 338.952 / |
| Item number | G269m |
| Edition number | 23 |
| 100 1# - MAIN ENTRY--PERSONAL NAME | |
| Personal name | Gaul, Richard, |
| 9 (RLIN) | 17751 |
| Relator term | autor |
| 245 13 - TITLE STATEMENT | |
| Title | El milagro japonés : |
| Remainder of title | los siete secretos de un éxito económico / |
| Statement of responsibility, etc. | Richard Gaul, Nina Grunenberg, Michael Jungblut ; con la colaboración de Helmut Becker ; [traducción del alemán por Joaquín Adsuar Ortega]. |
| 250 ## - EDITION STATEMENT | |
| Edition statement | Primera edición |
| 260 ## - PUBLICATION, DISTRIBUTION, ETC. | |
| Place of publication, distribution, etc. | Barcelona : |
| Name of publisher, distributor, etc. | Planeta, |
| Date of publication, distribution, etc. | 1983 |
| 300 ## - PHYSICAL DESCRIPTION | |
| Extent | [8] láminas sin numerar, 189 páginas : |
| Other physical details | ilustraciones y fotografías a blanco y negro ; |
| Dimensions | 21 cm. |
| 490 0# - SERIES STATEMENT | |
| Series statement | La sociedad económica |
| 500 ## - GENERAL NOTE | |
| General note | Incluye índice onomástico y de materias.<br/>Título original: Japan-Report |
| 505 0# - FORMATTED CONTENTS NOTE | |
| Formatted contents note | Tres corazones y muchos rostros -- Un japonés de hoy, un japonés de mañana -- La industrial del automóvil. Como llegó a ser la mayor -- Cómo se gobierna Japón -- La clave del futuro: la electrónica y la construcción de maquinaria -- Japón ¿huérfano internacional? estadísticas comparativas |
| 546 ## - LANGUAGE NOTE | |
| Language note | Traducido del alemán. |
| 651 #4 - SUBJECT ADDED ENTRY--GEOGRAPHIC NAME | |
| Geographic name | Japón |
| General subdivision | Política económica |
| 9 (RLIN) | 40602 |
| 700 1# - ADDED ENTRY--PERSONAL NAME | |
| Personal name | Grunenberg, Nina, |
| Relator term | autor |
| 9 (RLIN) | 40603 |
| 700 1# - ADDED ENTRY--PERSONAL NAME | |
| Personal name | Jungblut, Michael, |
| Relator term | autor |
| 9 (RLIN) | 40604 |
| 700 1# - ADDED ENTRY--PERSONAL NAME | |
| Personal name | Becker, Helmut, |
| Relator term | colaborador |
| 9 (RLIN) | 40605 |
| 700 1# - ADDED ENTRY--PERSONAL NAME | |
| Personal name | Ortega, Joaquín Adsuar, |
| Relator term | traductor |
| 9 (RLIN) | 40606 |
| 942 ## - ADDED ENTRY ELEMENTS (KOHA) | |
| Source of classification or shelving scheme | Dewey Decimal Classification |
| Koha item type | Books |
| Withdrawn status | Lost status | Source of classification or shelving scheme | Damaged status | Not for loan | Collection code | Home library | Current library | Date acquired | Source of acquisition | Full call number | Barcode | Date last seen | Copy number | Koha item type |
|---|---|---|---|---|---|---|---|---|---|---|---|---|---|---|
| Dewey Decimal Classification | Non-fiction | Biblioteca Pública José María del Castillo y Rada | Biblioteca Pública José María del Castillo y Rada | 04/15/2018 | Donación | 338.952 / G269m | 201811678 | 05/16/2024 | Ej.1 | Books |